ნორმალური ფორმატი
MARC ფორმატი
ჩანაწერი Topical Term
ჩანაწერთა რაოდენობა, რომელიც გამოყენებულია: 1
001 - CONTROL NUMBER
- control field: 6595
003 - CONTROL NUMBER IDENTIFIER
- control field: GE_BSU
005 - DATE AND TIME OF LATEST TRANSACTION
- control field: 20200131113649.0
008 - FIXED-LENGTH DATA ELEMENTS
- fixed length control field: 200131|| aca||aabn | a|a d
040 ## - CATALOGING SOURCE
- Original cataloging agency: GE_BSU
- Transcribing agency: GE_BSU
150 ## - HEADING--TOPICAL TERM
- Topical term or geographic name entry element: Special education
- General subdivision: Parent participation
- Geographic subdivision: United States
- Form subdivision: Handbooks, manuals, etc.
670 ## - SOURCE DATA FOUND
- Source citation: Work cat.: (GE_BSU): Weinfeld, Rich, 1953- 6594, Special needs advocacy resource book :, c2008.
